Teorías contemporáneas de las clases sociales / (Record no. 11530)

MARC details
000 -LEADER
campo de control de longitud fija 00718nam a22002415i 4500
001 - NÚMERO DE CONTROL
campo de control 11530
003 - IDENTIFICADOR DE NÚMERO DE CONTROL
campo de control ES-MaACL
005 - FECHA Y HORA DE LA ÚLTIMA TRANSACCIÓN
campo de control 20230906150124.0
007 - CAMPO FIJO DE DESCRIPCIÓN FÍSICA--INFORMACIÓN GENERAL
campo de control de longitud fija t|
008 - DATOS DE LONGITUD FIJA--INFORMACIÓN GENERAL
campo de control de longitud fija 930819s1993 sp ||||0| spa d
020 ## - NÚMERO INTERNACIONAL ESTÁNDAR DEL LIBRO
Número Internacional Estándar del Libro 84-85691-69-5
040 ## - FUENTE DE CATALOGACIÓN
Centro catalogador/agencia de origen M-BN
Lengua de catalogación spa
Centro/agencia transcriptor M-BN
080 ## - NÚMERO DE LA CLASIFICACIÓN DECIMAL UNIVERSAL
Número de la Clasificación Decimal Universal 316.34
245 00 - MENCIÓN DEL TÍTULO
Título Teorías contemporáneas de las clases sociales /
Mención de responsabilidad, etc. Julio Carabaña, Andrés de Francisco (comps.) ... [et al.].
250 ## - MENCION DE EDICION
Mención de edición 2ª ed.
260 ## - PUBLICACIÓN, DISTRIBUCIÓN, ETC.
Lugar de publicación, distribución, etc. Madrid :
Nombre del editor, distribuidor, etc. Pablo Iglesias,
Fecha de publicación, distribución, etc. 1994.
300 ## - DESCRIPCIÓN FÍSICA
Extensión 263 p ;
Dimensiones 21 cm.
504 ## - NOTA DE BIBLIOGRAFÍA, ETC.
Nota de bibliografía, etc. Bibliografía.
650 14 - PUNTO DE ACCESO ADICIONAL DE MATERIA--TÉRMINO DE MATERIA
Término de materia o nombre geográfico como elemento de entrada Clases sociales.
9 (RLIN) 11111
700 1# - ENTRADA AGREGADA--NOMBRE PERSONAL
Nombre de persona Carabaña, Julio.
9 (RLIN) 34922
700 1# - ENTRADA AGREGADA--NOMBRE PERSONAL
Nombre de persona Francisco, Andrés de.
9 (RLIN) 52186
852 ## - LOCALIZACIÓN
Ubicación ES-MaACL
Número de control de estantería L-18854
Sublocalización o colección R.124606
Holdings
Estatus retirado Estado de pérdida Estado de daño No para préstamo Biblioteca de origen Biblioteca actual Ubicación en estantería Fecha de adquisición Fuente de adquisición Total de préstamos Signatura topográfica completa Código de barras Visto por última vez Precio de reemplazo Tipo de ítem Koha
        Biblioteca del Ateneo de Madrid Biblioteca del Ateneo de Madrid Depósito 2 17/01/2008     L-18854 1011753 23/02/2023 23/02/2023 Libro impreso